000 00774nam a2200217 a 4500
001 000009757
005 20240412074213.0
008 091001s1986 dr 000 p spa d
040 _aDO-SdBNP
_bspa
_cBNPHU
082 _aRD861.44
_bB562a
100 1 _aBethancourt de Baroni, Daisy,
_d1941-
_924664
245 1 0 _aAuroras en penumbras /
_cDaysi Bethancourt de Baroni ; prólogo Rafael Herrera.
260 _aBaní, República Dominicana :
_bAndújar,
_c1986.
300 _a113 p. ;
_c20 cm.
500 _aIncluye datos biográficos del autor en la contracubierta.
590 _aInventariado, 2018/LP
650 4 _aPoesías dominicana
_924665
650 0 _aLiteratura dominicana.
_967
700 1 2 _aHerrera, Rafael,
_epról.
_98495
910 _aValidado. Control de calidad MFF
999 _c9517
_d9517